00927nam a22002537a 450000500170000001000130001702000220003003500130005203700160006504000120008108200130009310000290010624500960013526000410023127000610027230000230033350000500035665000430040665000280044970000350047794200220051299900190053495201200055320170124105930.0 aA-953297 c00.00a0195647556 aA-953297 bCen Lib/Ret aDPLbEN a337bBHA aBhagwati, Jagdish 96696 aWritings on international economics /cby Jagdish Bhagwati; edited by V. N. Balasubramanyam aDelhibOxford University Pressc1998 aYMCA Library Building, Jai Singh RoadbNew Delhie110001 avi,619p.c21cm(Hb) aIncludes bibliographical references and index aInternational economic relations96516 aCommercial policy96517 a Balasubramanyam, V. N. 98017 2ddccENh337mBHA c123782d123782 00104070aLbLd2015-06-12eCen Lib/Retg0.00l0o337 BHApA-953297r2015-06-12 00:00:00t1v0.00w2015-06-12yEN